000 00983nam a22002057a 4500
005 20110901100214.0
010 _aG-001118
020 _a9789380490045
_c48.00
035 _aG-001118
037 _bउपहार
082 _a363.7
100 _aचन्दन सिंह
_934042
245 _aमानव और पर्यावरण समस्याएं एवं समाधान /
_cचन्दन सिंह
260 _aजयपुर
_bगोविन्द प्रकाशन
_c2009-10
270 _aरामभवन, चौड़ा रास्ता
_bजयपुर
_e302003
_k
300 _a32पृ.
_bसचित्र
_c22 सेमी (अजिल्द)
942 _2ddc
_cCH
_h363.7
_mचन्दन
999 _c56122
_d56122